| 000 | 00782nam a2200229 a 4500 | ||
|---|---|---|---|
| 999 |
_c11482 _d11482 |
||
| 001 | 14482 | ||
| 003 | BD-JhCC | ||
| 005 | 20220825134022.0 | ||
| 008 | 190626b19922017bg |||| ||a| 000 0 ben d | ||
| 020 | _a9843109309 | ||
| 035 | _a(BD-JhCC)11482 | ||
| 040 |
_aBD-JhCC _dBD-JhCC |
||
| 041 | _aben | ||
| 082 |
_a297.1241 _bKAY 2017 |
||
| 100 | _aকায়সার, মাওলানা আফলাতুন | ||
| 245 |
_aসহীহ মুসলিম / _cমাওলানা আফলাতুন কায়সার । |
||
| 260 |
_aঢাকা: _bবাংলাদেশ ইসলামিক সেন্টার; _c২০১৭. |
||
| 300 |
_a৩৬৬ পৃ. : _c২৪ সেমি. |
||
| 650 | _aHadith | ||
| 942 |
_2ddc _cBK _041 |
||